000 00559nam a22002177i 4500
003 URS
336 _atext
_btxt
_2rdacontent
337 _aunmediated
_bn
_2rdamedia
338 _avolume
_bnc
_2rdacarrier
005 20220117094725.0
008 200128b ||||| |||| 00| 0 eng d
020 _a9780030946042
040 _aDLC
_beng
_erda
_cDMLUC
_dURSR
050 0 0 _aQA 154
_bH 69
100 _aHolt
245 1 0 _aAlgebra 1
_cHolt
264 1 _aUSA
_bHolt, Rinehart, Winston
300 _a241
_bIllustrations
_c28.5
600 _2Algebra
942 _2lcc
_cFR
999 _c11746
_d11746